top 10 scorers in NBA History - Statistics

General Stats
  • This quiz has been taken 84 times
  • The average score is 8 of 10
Answer Stats
Hint Answer % Correct
1 LeBron James
100%
5 Michael Jordan
97%
2 Kareem Abdul Jabbar
90%
4 Kobe Bryant
85%
8 Kevin Durant
82%
7 Wilt Chamberlain
76%
9 Shaquille O'neal
72%
3 Karl Malone
69%
6 Dirk Nowitzki
54%
10 Carmelo Anthony
47%
No matching quizzes found
Score Distribution
Percent of People with Each Score
Percentile by Number Answered
Your Score History
You have not taken this quiz